000 00649nam a2200205 a 4500
001 0706
005 20140414132142.0
008 040927s19uu xx 00 eng d
020 _a0-439-04608-4
050 _aKIT (LCER) 302.23
_bC16 1999
100 _aCanizares, Susan
245 _aSigns /
_cSusan Canizares, Pamela Chanko.
260 _aNew York :
_bScholastic,
_c1999.
300 _ap. ; cm.
440 _aLearning center emergent readers
520 _aPhotographs and rhyming text show how signs can be used to provide important messages.
650 _aSigns and symbols
_xJuvenile literature.
999 _c115371
_d115371